|
|
|
|
| LEADER |
00000nam a2200000Ii 4500 |
| 001 |
DIGULZM0058 |
| 003 |
NyNyDIG |
| 006 |
m o d |
| 007 |
cr ||||||||||| |
| 008 |
240108s2002 sp o 000 0 spa d |
| 035 |
|
|
|a (OCoLC)1417821742
|
| 040 |
|
|
|a DGITA
|b eng
|e rda
|e pn
|c DGITA
|
| 020 |
|
|
|z 9788474679090
|
| 050 |
1 |
4 |
|a BX1972 ebook
|
| 100 |
1 |
|
|a Marqués, Ignacio,
|d 1950-
|e author.
|
| 245 |
1 |
0 |
|a Monaguillos :
|b del ayer al hoy /
|c Ignacio Marqués.
|
| 264 |
|
1 |
|a Barcelona :
|b Centre de Pastoral Litúrgica,
|c [2002]
|
| 300 |
|
|
|a 1 online resource.
|
| 336 |
|
|
|a text
|b txt
|2 rdacontent
|
| 337 |
|
|
|a computer
|b c
|2 rdamedia
|
| 338 |
|
|
|a online resource
|b cr
|2 rdacarrier
|
| 347 |
|
|
|a text file
|2 rdaft
|
| 347 |
|
|
|b EPUB
|
| 490 |
1 |
|
|a Liturgia básica ;
|v 14
|
| 588 |
0 |
|
|a Online resource; title from ePub title page (Digitalia, viewed January 8, 2024)
|
| 650 |
|
0 |
|a Acolytes
|x Catholic Church.
|
| 791 |
2 |
|
|a Digitalia (Firm),
|e distributor.
|
| 793 |
0 |
|
|g Digitalia eBook Collection:
|a Ulzama
|
| 776 |
0 |
8 |
|i Print version:
|a Marqués, Ignacio, 1950-
|t Monaguillos.
|b Primera edición, segunda impresión, 2014.
|d Barcelona : Centre de Pastoral Litúrgica, [2002]
|z 9788474679090
|
| 830 |
|
0 |
|a Liturgia básica ;
|v 14.
|
| 856 |
4 |
0 |
|3 Digitalia Hispánica
|u https://www.digitaliapublishing.com/a/88773/
|
| 910 |
|
|
|a Premium collection: 2024
|